LEADER 00822nam0-22003131i-450- 001 990003353470403321 005 20001010 010 $a84-234-1483-3 035 $a000335347 035 $aFED01000335347 035 $a(Aleph)000335347FED01 035 $a000335347 100 $a20001010d--------km-y0itay50------ba 101 0 $aita 105 $ay-------001yy 200 1 $aMANUAL PRACTICO DE COMERCIO INTERNACIONAL 205 $a2a 210 $aBILBAO$cDEUSTO$d1997 610 0 $aEconomia Internazionale 676 $a337 700 1$aVergara,$bMarta Diez$0377453 801 0$aIT$bUNINA$gRICA$2UNIMARC 901 $aBK 912 $a990003353470403321 952 $a337 VER$bLINGUE 1376$fDECLI 959 $aDECLI 996 $aMANUAL PRACTICO DE COMERCIO INTERNACIONAL$9443254 997 $aUNINA DB $aING01